[Event "5MCR_4D_1L_2S"]
[Site "?"]
[Date "2002.??.??"]
[Round "?"]
[White "Ramik, Jiri"]
[Black "Jirk, Ales"]
[Result "0-1"]
[WhiteElo "2340"]
[BlackElo "2210"]
[PlyCount "82"]
[EventDate "2002.??.??"]
[EventType "corr"]
[SourceDate "2004.??.??"]

1. Nf3 d5 2. d4 Nf6 3. c4 e6 4. Nc3 Be7 5. Bg5 O-O 6. e3 Nbd7 7. Qc2 c5 8.
O-O-O b6 9. e4 dxe4 10. Nxe4 Bb7 11. Bd3 Nxe4 12. Bxe7 Qxe7 13. Bxe4 Nf6 14.
Bxb7 Qxb7 15. dxc5 Rfc8 16. Qd3 Rxc5 17. Kb1 b5 18. cxb5 Rxb5 19. Rd2 Rb8 20.
Qa3 h6 21. Rc1 Ne4 22. Rdc2 Qb6 23. Rd1 e5 24. Ne1 a5 25. f3 Ng5 26. Rdc1 Kh7
27. Nd3 Ne6 28. Re2 f6 29. Nf2 Nd4 30. Rd2 Rb4 31. Nd1 Kh8 32. Qe3 a4 33. h3
Qa6 34. Rc3 Nb5 35. Rcd3 Qc8 36. Qe1 Rd4 37. Nf2 Rc4 38. Ne4 Qc7 39. Qd1 Nd4
40. Re3 f5 41. Nf2 Nb5 0-1

[Event "5MCR_4D_1L_2S"]
[Site "?"]
[Date "2002.??.??"]
[Round "?"]
[White "Ramik, Jiri"]
[Black "Riha, Jan"]
[Result "1/2-1/2"]
[WhiteElo "2340"]
[BlackElo "2315"]
[PlyCount "59"]
[EventDate "2002.??.??"]
[EventType "corr"]
[SourceDate "2004.??.??"]

1. Nf3 Nf6 2. c4 g6 3. Nc3 Bg7 4. g3 O-O 5. Bg2 d6 6. O-O Nc6 7. d4 a6 8. h3
Rb8 9. e4 b5 10. e5 Nd7 11. e6 fxe6 12. d5 Nce5 13. Nd4 Nb6 14. cxb5 Nxd5 15.
Nxd5 exd5 16. f4 c5 17. Bxd5+ Kh8 18. Ne6 Bxe6 19. Bxe6 Nf7 20. bxa6 Qb6 21.
Bc4 e6 22. Bxe6 Bd4+ 23. Kh1 Qxa6 24. f5 Ne5 25. Rb1 gxf5 26. Bd5 Qd3 27. Bf4
Qxd1 28. Rbxd1 Rxb2 29. Bh6 Re8 30. Rxf5 1/2-1/2

[Event "5MCR_4D_1L_2S"]
[Site "?"]
[Date "2002.??.??"]
[Round "?"]
[White "Ramik, Jiri"]
[Black "Svrsek, Radomir"]
[Result "1/2-1/2"]
[WhiteElo "2340"]
[BlackElo "2165"]
[PlyCount "25"]
[EventDate "2002.??.??"]
[EventType "corr"]
[SourceDate "2004.??.??"]

1. Nf3 Nf6 2. c4 c5 3. Nc3 Nc6 4. g3 g6 5. Bg2 Bg7 6. O-O O-O 7. d4 cxd4 8.
Nxd4 Nxd4 9. Qxd4 d6 10. Qd3 Ng4 11. b3 Qa5 12. Bd2 Qh5 13. h4 1/2-1/2

[Event "5MCR_4D_1L_2S"]
[Site "?"]
[Date "2002.??.??"]
[Round "?"]
[White "Riha, Jan"]
[Black "Alexa, Jaroslav"]
[Result "0-1"]
[WhiteElo "2315"]
[BlackElo "2365"]
[PlyCount "112"]
[EventDate "2002.??.??"]
[EventType "corr"]
[SourceDate "2004.??.??"]

1. e4 c5 2. Nf3 d6 3. d4 cxd4 4. Qxd4 Nc6 5. Bb5 Bd7 6. Qd3 g6 7. Bd2 Bg7 8.
Bc3 Nf6 9. a4 O-O 10. Nbd2 a6 11. Bxc6 Bxc6 12. Nd4 Bd7 13. O-O Qc7 14. Rfe1
Rac8 15. h3 e5 16. Ne2 Rfe8 17. Kh1 Bc6 18. f4 d5 19. Bxe5 Nxe4 20. Bd4 Bh6 21.
Nxe4 Rxe4 22. Rf1 Rce8 23. Nc3 Rxf4 24. Rxf4 Bxf4 25. b4 Qd6 26. Bc5 Qe5 27.
Bd4 Qh5 28. Rf1 Bd6 29. b5 axb5 30. axb5 Bd7 31. Bf6 Bf5 32. Qxd5 Re6 33. Bd4
Qh4 34. Ra1 Bb8 35. Qc5 Re1+ 36. Rxe1 Qxe1+ 37. Bg1 Be5 38. Na4 Bxh3 39. Qe3
Qxe3 40. Bxe3 Be6 41. c3 f5 42. Nc5 Bd5 43. Bd4 Bxd4 44. cxd4 Kf7 45. Kg1 Ke7
46. Kf2 Kd6 47. Na4 g5 48. g3 Bc4 49. Nc3 Kc7 50. Kf3 Kb6 51. g4 Be6 52. gxf5
Bxf5 53. Ke3 h5 54. Kf3 h4 55. Ke3 g4 56. Kf4 Bd7 0-1

[Event "5MCR_4D_1L_2S"]
[Site "?"]
[Date "2002.??.??"]
[Round "?"]
[White "Riha, Jan"]
[Black "Dedina, Miroslav"]
[Result "0-1"]
[WhiteElo "2315"]
[BlackElo "2285"]
[PlyCount "110"]
[EventDate "2002.??.??"]
[EventType "corr"]
[SourceDate "2004.??.??"]

1. e4 e6 2. d4 d5 3. Nd2 Nf6 4. e5 Nfd7 5. c3 c5 6. f4 Nc6 7. Ndf3 cxd4 8. cxd4
Bb4+ 9. Kf2 Nf8 10. Bd3 Ng6 11. Be3 Ba5 12. a3 Bb6 13. Ne2 Nh4 14. Nxh4 Qxh4+
15. g3 Qe7 16. Rc1 Bd7 17. Kg2 f6 18. Bf2 O-O 19. Rf1 Rac8 20. Nc3 Na5 21. Re1
f5 22. Rc2 Nc4 23. Qe2 Nxb2 24. Nxd5 Qxa3 25. Nxb6 Nxd3 26. Nxc8 Nxe1+ 27. Bxe1
Rxc8 28. Rxc8+ Bxc8 29. Qb5 h6 30. d5 Kh7 31. d6 b6 32. Qc6 Ba6 33. Qf3 Qa2+
34. Kg1 Qc4 35. h3 Bb5 36. g4 fxg4 37. hxg4 a5 38. Bc3 a4 39. f5 Bc6 40. Qg3 a3
41. fxe6 Qxe6 42. g5 Qg6 43. Kf2 h5 44. Qh3 a2 45. e6 Qc2+ 46. Ke1 Qc1+ 47. Kf2
Qf4+ 48. Ke2 Bb5+ 49. Ke1 Qe4+ 50. Kf2 Qe2+ 51. Kg1 g6 52. d7 a1=Q+ 53. Bxa1
Qe1+ 54. Kh2 Bc6 55. Qg2 Bxg2 0-1

[Event "5MCR_4D_1L_2S"]
[Site "?"]
[Date "2002.??.??"]
[Round "?"]
[White "Riha, Jan"]
[Black "Efler, David"]
[Result "1-0"]
[WhiteElo "2315"]
[BlackElo "2195"]
[PlyCount "49"]
[EventDate "2002.??.??"]
[EventType "corr"]
[SourceDate "2004.??.??"]

1. e4 c5 2. Nf3 e6 3. d4 cxd4 4. Nxd4 a6 5. Nc3 Qc7 6. Bd3 Nf6 7. O-O Bc5 8.
Nb3 Be7 9. f4 d6 10. Qf3 Nbd7 11. a4 b6 12. Bd2 Bb7 13. Rae1 O-O 14. Qh3 Rfe8
15. Kh1 Rad8 16. Nd1 d5 17. e5 Ne4 18. Nf2 Ndc5 19. Nxc5 Bxc5 20. Be3 Qc6 21.
b3 Bb4 22. Re2 h6 23. Ng4 d4 24. Bc1 Nc3 25. Nxh6+ 1-0

[Event "5MCR_4D_1L_2S"]
[Site "?"]
[Date "2002.??.??"]
[Round "?"]
[White "Riha, Jan"]
[Black "Janous, Petr"]
[Result "1/2-1/2"]
[WhiteElo "2315"]
[BlackElo "2295"]
[PlyCount "104"]
[EventDate "2002.??.??"]
[EventType "corr"]
[SourceDate "2004.??.??"]

1. e4 e5 2. Nf3 Nc6 3. Bb5 a6 4. Ba4 Nf6 5. O-O Be7 6. Re1 b5 7. Bb3 O-O 8. a4
b4 9. a5 d6 10. h3 Rb8 11. Bc4 Nd4 12. c3 Nxf3+ 13. Qxf3 c6 14. d4 d5 15. Bd3
bxc3 16. bxc3 exd4 17. e5 Ne4 18. cxd4 f5 19. Qe2 Bb4 20. Bd2 Qe7 21. Bxb4 Rxb4
22. Bxe4 dxe4 23. Rd1 Rd8 24. Na3 Rdxd4 25. Rxd4 Rxd4 26. Nc4 Bd7 27. Nb6 Rd3
28. Rd1 Rxd1+ 29. Qxd1 Be6 30. Qe2 Qa3 31. Qxa6 Qa1+ 32. Kh2 Qxe5+ 33. Kg1 e3
34. fxe3 Qxe3+ 35. Kf1 Qc1+ 36. Ke2 Qb2+ 37. Kf1 Qa1+ 38. Ke2 f4 39. Qb7 Qe5+
40. Kf1 Qxa5 41. Qxc6 Qa1+ 42. Ke2 Qe5+ 43. Kf1 h6 44. Nc4 Qf5 45. Nd2 Qd3+ 46.
Kg1 Bd5 47. Qe8+ Kh7 48. Qe1 Qd4+ 49. Qf2 Qxf2+ 50. Kxf2 g5 51. Nf1 Kg6 52. Nh2
Kf5 1/2-1/2

[Event "5MCR_4D_1L_2S"]
[Site "?"]
[Date "2002.??.??"]
[Round "?"]
[White "Riha, Jan"]
[Black "Jirk, Ales"]
[Result "0-1"]
[WhiteElo "2315"]
[BlackElo "2210"]
[PlyCount "106"]
[EventDate "2002.??.??"]
[EventType "corr"]
[SourceDate "2004.??.??"]

1. e4 e6 2. d4 d5 3. Nd2 Nf6 4. e5 Nfd7 5. c3 c5 6. f4 Nc6 7. Ndf3 Qb6 8. h4
cxd4 9. cxd4 Bb4+ 10. Kf2 f6 11. Be3 Be7 12. Qd2 O-O 13. Rc1 fxe5 14. fxe5
Ndxe5 15. dxe5 d4 16. Bg5 Bb4 17. Qd3 Nxe5 18. Qe4 Bd6 19. Ke1 Bd7 20. Rh3 Qxb2
21. Qb1 Qxb1 22. Rxb1 Nxf3+ 23. Nxf3 e5 24. Bc4+ Kh8 25. Rh1 Bc6 26. Rf1 Rac8
27. Be6 Rce8 28. Bc4 a6 29. a4 h6 30. Bd2 d3 31. Be3 Bc7 32. Nd2 e4 33. Rxf8+
Rxf8 34. Nf1 Ba5+ 35. Nd2 Bd8 36. g3 Bc7 37. Nf1 Ba5+ 38. Nd2 Bc7 39. Nf1 Rf3
40. Bb6 Be5 41. Kd2 Bxa4 42. Bd5 Bc2 43. Rc1 Bb2 44. Rxc2 dxc2 45. Kxc2 Bf6 46.
Ne3 Rxg3 47. Bxb7 Bxh4 48. Bxe4 Bg5 49. Nf5 Rh3 50. Nd6 Bf6 51. Nf7+ Kg8 52.
Bd5 Kh7 53. Nd6 h5 0-1

[Event "5MCR_4D_1L_2S"]
[Site "?"]
[Date "2002.??.??"]
[Round "?"]
[White "Riha, Jan"]
[Black "Staufcik, Robert"]
[Result "1/2-1/2"]
[WhiteElo "2315"]
[BlackElo "2285"]
[PlyCount "54"]
[EventDate "2002.??.??"]
[EventType "corr"]
[SourceDate "2004.??.??"]

1. e4 e5 2. Nf3 Nc6 3. Bb5 a6 4. Ba4 Nf6 5. O-O Be7 6. Re1 b5 7. Bb3 d6 8. c3
O-O 9. h3 Na5 10. Bc2 c5 11. d4 cxd4 12. cxd4 exd4 13. Nxd4 Re8 14. Nc3 Bd7 15.
Qd3 Nc4 16. a3 Rc8 17. Qg3 Qb6 18. Nde2 a5 19. Nf4 Qd4 20. Nfd5 Nxd5 21. Nxd5
Nxb2 22. Bb3 Be6 23. Nxe7+ Rxe7 24. Bxb2 Qxb2 25. Qxd6 Ree8 26. Rab1 Qc3 27.
Re3 Qc5 1/2-1/2

[Event "5MCR_4D_1L_2S"]
[Site "?"]
[Date "2002.??.??"]
[Round "?"]
[White "Riha, Jan"]
[Black "Svrsek, Radomir"]
[Result "1/2-1/2"]
[WhiteElo "2315"]
[BlackElo "2165"]
[PlyCount "75"]
[EventDate "2002.??.??"]
[EventType "corr"]
[SourceDate "2004.??.??"]

1. e4 c5 2. Nf3 Nc6 3. Bb5 g6 4. O-O Bg7 5. c3 Nf6 6. Re1 a6 7. Bxc6 dxc6 8. h3
O-O 9. d4 cxd4 10. cxd4 c5 11. d5 Nd7 12. Qc2 b5 13. Bf4 c4 14. Be3 f5 15. Bd4
Nf6 16. Bxf6 exf6 17. Nc3 fxe4 18. Qxe4 f5 19. Qe7 Rb8 20. Rad1 b4 21. Na4 Qa5
22. Nc5 Bf6 23. Qa7 Rb5 24. Nd7 Bxd7 25. Qxd7 Rbb8 26. Qe6+ Kh8 27. Ne5 Rbe8
28. Nxc4 Qxa2 29. Qd6 Qb3 30. Qxa6 Ra8 31. Qb5 Rab8 32. Qc5 Rbc8 33. Na5 Qxb2
34. Nc6 b3 35. Rb1 Qd2 36. Red1 Qc2 37. Qb4 b2 38. Nd4 1/2-1/2

[Event "5MCR_4D_1L_2S"]
[Site "?"]
[Date "2002.??.??"]
[Round "?"]
[White "Staufcik, Robert"]
[Black "Alexa, Jaroslav"]
[Result "1/2-1/2"]
[WhiteElo "2285"]
[BlackElo "2365"]
[PlyCount "52"]
[EventDate "2002.??.??"]
[EventType "corr"]
[SourceDate "2004.??.??"]

1. e4 c5 2. Nf3 Nc6 3. Bb5 e6 4. Bxc6 bxc6 5. d3 Qc7 6. O-O e5 7. c3 Nf6 8. Re1
d6 9. d4 cxd4 10. cxd4 Be7 11. dxe5 dxe5 12. b3 Bg4 13. h3 Bh5 14. Nbd2 O-O 15.
Bb2 Nd7 16. Qc2 Rfd8 17. Rac1 Rac8 18. Re3 f6 19. Nf1 Bf7 20. Rc3 c5 21. Ne3
Qb7 22. Rd1 Nb8 23. Rxd8+ Rxd8 24. Ba3 Na6 25. Rd3 Rxd3 26. Qxd3 Nb4 1/2-1/2

[Event "5MCR_4D_1L_2S"]
[Site "?"]
[Date "2002.??.??"]
[Round "?"]
[White "Staufcik, Robert"]
[Black "Blatsky, Libor"]
[Result "1/2-1/2"]
[WhiteElo "2285"]
[BlackElo "2350"]
[PlyCount "49"]
[EventDate "2002.??.??"]
[EventType "corr"]
[SourceDate "2004.??.??"]

1. e4 c5 2. Nf3 d6 3. d4 cxd4 4. Nxd4 Nf6 5. Nc3 a6 6. f3 e6 7. Be3 b5 8. g4
Nfd7 9. Qd2 Nb6 10. O-O-O N8d7 11. Ndxb5 axb5 12. Nxb5 Ba6 13. Nxd6+ Bxd6 14.
Qxd6 Nc4 15. Bxc4 Bxc4 16. Qd4 Be2 17. Qxg7 Rf8 18. Bc5 Bxd1 19. Rxd1 Qc7 20.
Bd6 Qa7 21. Bb4 Rb8 22. Bxf8 Qe3+ 23. Rd2 Qe1+ 24. Rd1 Qe3+ 25. Rd2 1/2-1/2

[Event "5MCR_4D_1L_2S"]
[Site "?"]
[Date "2002.??.??"]
[Round "?"]
[White "Staufcik, Robert"]
[Black "Gresek, Jaromir"]
[Result "1/2-1/2"]
[WhiteElo "2285"]
[BlackElo "2015"]
[PlyCount "122"]
[EventDate "2002.??.??"]
[EventType "corr"]
[SourceDate "2004.??.??"]

1. e4 c5 2. Nf3 d6 3. d4 cxd4 4. Nxd4 Nf6 5. Nc3 Nc6 6. Bg5 e6 7. Qd2 a6 8.
O-O-O h6 9. Be3 Be7 10. f3 Nxd4 11. Bxd4 b5 12. Kb1 Rb8 13. Ba7 Rb7 14. Be3 Qa5
15. g4 Nd7 16. Bd4 Ne5 17. Qf2 O-O 18. h4 Rd8 19. g5 h5 20. Rg1 g6 21. Qg3 Nc4
22. f4 Qb4 23. b3 Bd7 24. f5 Rc8 25. Bxc4 bxc4 26. e5 d5 27. Nxd5 exd5 28. e6
cxb3 29. cxb3 Bc5 30. exd7 Rxd7 31. Bxc5 Qxc5 32. Rc1 Qf8 33. Rxc8 Qxc8 34. Qe5
Qf8 35. fxg6 fxg6 36. Rc1 Qf5+ 37. Qxf5 gxf5 38. Rc6 Rf7 39. Rxa6 f4 40. Re6 f3
41. Re1 Rf4 42. Rf1 Rxh4 43. Rxf3 Rg4 44. a4 Rxg5 45. Rf4 Kg7 46. Kb2 Rg4 47.
Rf1 h4 48. a5 h3 49. Kc3 h2 50. Rh1 Rg3+ 51. Kb4 Rg2 52. Kc5 Kf6 53. b4 d4 54.
Kxd4 Ke6 55. a6 Kd6 56. a7 Rg4+ 57. Kd3 Rg8 58. Rxh2 Kc6 59. Rh7 Rg3+ 60. Kc4
Rg4+ 61. Kb3 Rg8 1/2-1/2

[Event "5MCR_4D_1L_2S"]
[Site "?"]
[Date "2002.??.??"]
[Round "?"]
[White "Staufcik, Robert"]
[Black "Janous, Petr"]
[Result "1-0"]
[WhiteElo "2285"]
[BlackElo "2295"]
[PlyCount "94"]
[EventDate "2002.??.??"]
[EventType "corr"]
[SourceDate "2004.??.??"]

1. e4 e5 2. Nf3 Nc6 3. Bb5 a6 4. Ba4 Nf6 5. O-O Be7 6. Re1 b5 7. Bb3 O-O 8. c3
d6 9. h3 Na5 10. Bc2 c5 11. d4 Qc7 12. Nbd2 cxd4 13. cxd4 Bb7 14. d5 Rac8 15.
Bb1 Nh5 16. Nf1 Nf4 17. Bxf4 exf4 18. Bd3 Bf6 19. Qd2 Qb6 20. Rac1 Nc4 21. Bxc4
Rxc4 22. b3 Rxc1 23. Rxc1 g5 24. g3 Be5 25. Nxe5 dxe5 26. Qb4 Qd8 27. g4 Qd7
28. Qa5 Rc8 29. Rxc8+ Bxc8 30. Qb6 Kg7 31. b4 Qb7 32. Qd6 f6 33. Nd2 Qd7 34.
Qxd7+ Bxd7 35. Nb3 Kf7 36. Nc5 Bc8 37. d6 Ke8 38. Kf1 Bd7 39. a3 Bc6 40. Ke1
Kd8 41. Kd2 Kc8 42. Kd3 Kd8 43. Kc3 Kc8 44. Kd2 Kd8 45. Ke2 Kc8 46. Kf3 Kd8 47.
Kg2 Kc8 1-0

[Event "5MCR_4D_1L_2S"]
[Site "?"]
[Date "2002.??.??"]
[Round "?"]
[White "Staufcik, Robert"]
[Black "Jirkovsky, Tomas"]
[Result "1-0"]
[WhiteElo "2285"]
[BlackElo "2185"]
[PlyCount "53"]
[EventDate "2002.??.??"]
[EventType "corr"]
[SourceDate "2004.??.??"]

1. e4 c6 2. d4 d5 3. Nc3 dxe4 4. Nxe4 Nd7 5. Ng5 Ngf6 6. Bd3 e6 7. N1f3 h6 8.
Nxe6 fxe6 9. Bg6+ Ke7 10. O-O Qc7 11. c4 Kd8 12. Ne5 Nxe5 13. dxe5+ Nd7 14. Bf4
Qb6 15. Qg4 c5 16. Bf7 Nb8 17. Rad1+ Kc7 18. Rd6 Nc6 19. Qg6 Qb4 20. Bxe6 Bxe6
21. Rxe6 Rd8 22. b3 Nd4 23. Re8 Ne2+ 24. Kh1 Qc3 25. Qf7+ Rd7 26. e6+ Kb6 27.
Qxd7 1-0

[Event "5MCR_4D_1L_2S"]
[Site "?"]
[Date "2002.??.??"]
[Round "?"]
[White "Staufcik, Robert"]
[Black "Plesek, Jiri"]
[Result "1/2-1/2"]
[WhiteElo "2285"]
[BlackElo "2400"]
[PlyCount "83"]
[EventDate "2002.??.??"]
[EventType "corr"]
[SourceDate "2004.??.??"]

1. e4 e5 2. Nf3 Nc6 3. Bb5 a6 4. Ba4 Nf6 5. O-O Be7 6. Re1 b5 7. Bb3 O-O 8. a4
b4 9. d3 a5 10. Nbd2 d6 11. Nf1 h6 12. Ne3 Be6 13. Nd5 Re8 14. c3 Bf8 15. Bc4
bxc3 16. bxc3 Nb8 17. Rb1 Nbd7 18. Nxf6+ Qxf6 19. Bd5 Rab8 20. Be3 Bg4 21. Qe2
Rxb1 22. Rxb1 Rb8 23. Rxb8 Nxb8 24. h3 Bxf3 25. Qxf3 Qxf3 26. gxf3 Be7 27. f4
exf4 28. Bxf4 Bg5 29. Bxg5 hxg5 30. Kg2 Kf8 31. d4 Ke7 32. Kg3 c6 33. Bb3 Nd7
34. h4 gxh4+ 35. Kxh4 c5 36. Kg5 cxd4 37. cxd4 Nf8 38. Kf4 Nd7 39. Ke3 Nb6 40.
f4 d5 41. e5 Ke6 42. Bc2 1/2-1/2

[Event "5MCR_4D_1L_2S"]
[Site "?"]
[Date "2002.??.??"]
[Round "?"]
[White "Staufcik, Robert"]
[Black "Pokrupa, Marek"]
[Result "1-0"]
[WhiteElo "2285"]
[BlackElo "2200"]
[PlyCount "46"]
[EventDate "2002.??.??"]
[EventType "corr"]
[SourceDate "2004.??.??"]

1. e4 c5 2. Nf3 Nc6 3. d4 cxd4 4. Nxd4 g6 5. c4 Bg7 6. Be3 Nf6 7. Nc3 O-O 8.
Be2 b6 9. O-O Bb7 10. f3 e6 11. Qd2 Qe7 12. Ndb5 Ne8 13. Rad1 Rd8 14. f4 f5 15.
e5 g5 16. Bf3 gxf4 17. Bxf4 Qc5+ 18. Qf2 Qxc4 19. Bxc6 Bxc6 20. Rd4 Bxb5 21.
Rxc4 Bxc4 22. Qh4 Rc8 23. Rf3 Rf7 1-0

[Event "5MCR_4D_1L_2S"]
[Site "?"]
[Date "2002.??.??"]
[Round "?"]
[White "Svrsek, Radomir"]
[Black "Alexa, Jaroslav"]
[Result "1/2-1/2"]
[WhiteElo "2165"]
[BlackElo "2365"]
[PlyCount "158"]
[EventDate "2002.??.??"]
[EventType "corr"]
[SourceDate "2004.??.??"]

1. d4 d5 2. c4 c6 3. Nf3 Nf6 4. Nc3 dxc4 5. a4 Bf5 6. e3 e6 7. Bxc4 Bb4 8. Qb3
a5 9. Bd2 Nbd7 10. Ne2 Qb6 11. Bxb4 Qxb4+ 12. Qxb4 axb4 13. Ng3 Nb6 14. Bb3 Bd3
15. Rd1 Bg6 16. Ne5 Nxa4 17. Ra1 Nb6 18. Rxa8+ Nxa8 19. Ke2 Nb6 20. h4 Ke7 21.
f3 h6 22. Nxg6+ fxg6 23. Ra1 Ra8 24. Rxa8 Nxa8 25. Kd2 Nd7 26. Bc2 Nab6 27. b3
Kf7 28. Ne4 Nc8 29. Kd3 Ke7 30. Ke2 b6 31. f4 c5 32. Kd3 Kf7 33. Kc4 cxd4 34.
exd4 Ne7 35. Nd6+ Kf8 36. g3 Nf6 37. Kxb4 Nh5 38. Ne4 Nf5 39. Bd3 Nxd4 40. Kc3
Nc6 41. Kc4 Ke7 42. Kb5 Nd4+ 43. Kxb6 Nxb3 44. Bc4 Nd4 45. Kc5 Nc2 46. Bb3 Ne3
47. Kd4 Nf1 48. Ke5 Nf6 49. Bc2 Ne3 50. Bb1 Nf5 51. Nc5 Ng4+ 52. Ke4 Nh2 53.
Ba2 Nxg3+ 54. Kd3 Nf3 55. Nxe6 Kf6 56. Ke3 Nxh4 57. Bd5 Ngf5+ 58. Ke4 Ne7 59.
Ba2 Nhf5 60. Kf3 Nc6 61. Ke4 Nd6+ 62. Ke3 Nb4 63. Bb3 Nb7 64. Nc7 Nc5 65. Bg8
Nca6 66. Nb5 g5 67. Nd6 gxf4+ 68. Kxf4 g6 69. Ne4+ Ke7 70. Ke5 Nb8 71. Kf4 Nd7
72. Bc4 Nf6 73. Ng3 Nc6 74. Nf5+ gxf5 75. Kxf5 Nd4+ 76. Kg6 h5 77. Bd5 Ne6 78.
Bc4 Nd4 79. Bd5 Ne6 1/2-1/2

[Event "5MCR_4D_1L_2S"]
[Site "?"]
[Date "2002.??.??"]
[Round "?"]
[White "Svrsek, Radomir"]
[Black "Dedina, Miroslav"]
[Result "1/2-1/2"]
[WhiteElo "2165"]
[BlackElo "2285"]
[PlyCount "29"]
[EventDate "2002.??.??"]
[EventType "corr"]
[SourceDate "2004.??.??"]

1. e4 e6 2. d4 d5 3. Nd2 Nf6 4. e5 Nfd7 5. Ngf3 c5 6. c3 Nc6 7. Be2 Qb6 8. Nb3
cxd4 9. cxd4 a5 10. Qd3 Nb4 11. Qd1 Nc6 12. Qd3 Nb4 13. Qd1 Nc6 14. Qd3 Nb4 15.
Qd1 1/2-1/2

[Event "5MCR_4D_1L_2S"]
[Site "?"]
[Date "2002.??.??"]
[Round "?"]
[White "Svrsek, Radomir"]
[Black "Efler, David"]
[Result "1-0"]
[WhiteElo "2165"]
[BlackElo "2195"]
[PlyCount "39"]
[EventDate "2002.??.??"]
[EventType "corr"]
[SourceDate "2004.??.??"]

1. e4 c5 2. Nf3 e6 3. d4 cxd4 4. Nxd4 a6 5. Nc3 Qc7 6. Bd3 b5 7. O-O Nf6 8. a3
Bb7 9. h3 Nc6 10. Nxc6 dxc6 11. Qf3 Bd6 12. Bg5 Be5 13. a4 O-O 14. Rad1 Rad8
15. Rfe1 b4 16. Ne2 c5 17. b3 h6 18. Bh4 Rd7 19. Qe3 Nh5 20. Bc4 1-0

[Event "5MCR_4D_1L_2S"]
[Site "?"]
[Date "2002.??.??"]
[Round "?"]
[White "Svrsek, Radomir"]
[Black "Janous, Petr"]
[Result "1/2-1/2"]
[WhiteElo "2165"]
[BlackElo "2295"]
[PlyCount "107"]
[EventDate "2002.??.??"]
[EventType "corr"]
[SourceDate "2004.??.??"]

1. e4 e5 2. Nf3 Nc6 3. Bb5 a6 4. Ba4 Nf6 5. O-O Be7 6. Re1 b5 7. Bb3 O-O 8. c3
d6 9. h3 Bb7 10. d4 Re8 11. d5 Na5 12. Bc2 c6 13. b4 Nc4 14. dxc6 Bxc6 15. Nbd2
Nb6 16. Bb2 Qc7 17. Bb3 Qb7 18. Qc2 a5 19. Ng5 Rf8 20. bxa5 Rxa5 21. Ngf3 Nbd7
22. Nh4 g6 23. Qb1 Nc5 24. Bc2 Nfxe4 25. Nxe4 Bxh4 26. Nxc5 dxc5 27. Be4 c4 28.
Bxc6 Qxc6 29. Qc2 Bf6 30. Red1 Raa8 31. Bc1 Rfd8 32. Rxd8+ Rxd8 33. a4 bxa4 34.
Rxa4 e4 35. Bf4 Rd3 36. Qa2 e3 37. fxe3 Rxc3 38. Ra8+ Kg7 39. Ra6 Rc1+ 40. Kh2
Qe4 41. Rxf6 Rc2 42. Rxf7+ Kxf7 43. Qa7+ Qe7 44. Qa4 Rc1 45. Qb5 h5 46. Be5 Ke6
47. Bf4 Qd7 48. Qb6+ Kf7 49. Be5 Rf1 50. Qc5 Rd1 51. Qxc4+ Qe6 52. Qf4+ Ke8 53.
Bh8 Qf5 54. Qa4+ 1/2-1/2

[Event "5MCR_4D_1L_2S"]
[Site "?"]
[Date "2002.??.??"]
[Round "?"]
[White "Svrsek, Radomir"]
[Black "Jirk, Ales"]
[Result "0-1"]
[WhiteElo "2165"]
[BlackElo "2210"]
[PlyCount "96"]
[EventDate "2002.??.??"]
[EventType "corr"]
[SourceDate "2004.??.??"]

1. d4 Nf6 2. c4 g6 3. Nc3 d5 4. cxd5 Nxd5 5. e4 Nxc3 6. bxc3 Bg7 7. Bc4 c5 8.
Ne2 Nc6 9. Be3 O-O 10. O-O Bg4 11. f3 Na5 12. Bd5 Bd7 13. Rb1 Qc7 14. Bf4 Qc8
15. Bb3 Nxb3 16. Qxb3 b5 17. Be3 cxd4 18. cxd4 a5 19. Rfc1 Qa6 20. Nf4 Rac8 21.
Nd5 Qd6 22. Kh1 Rxc1+ 23. Rxc1 e6 24. Bf4 Qa6 25. Ne7+ Kh8 26. Qc3 b4 27. Qc7
Qb5 28. d5 a4 29. Qd6 b3 30. axb3 axb3 31. Be5 Bxe5 32. Qxe5+ f6 33. Qd6 Ra8
34. Qf4 Kg7 35. e5 fxe5 36. Qxe5+ Kf7 37. Qf4+ Ke8 38. dxe6 Bxe6 39. Qe4 Ra6
40. Nc6 Qd5 41. Qxd5 Bxd5 42. Nb4 b2 43. Re1+ Re6 44. Rb1 Bc4 45. h4 Re2 46. f4
Kd7 47. Rd1+ Kc7 48. Kh2 Kb6 0-1

[Event "5MCR_4D_1L_2S"]
[Site "?"]
[Date "2002.??.??"]
[Round "?"]
[White "Svrsek, Radomir"]
[Black "Pokrupa, Marek"]
[Result "1-0"]
[WhiteElo "2165"]
[BlackElo "2220"]
[PlyCount "41"]
[EventDate "2002.??.??"]
[EventType "corr"]
[SourceDate "2004.??.??"]

1. c4 g6 2. d4 Nf6 3. Nc3 Bg7 4. e4 d6 5. Nf3 O-O 6. Be2 e5 7. dxe5 dxe5 8.
Qxd8 Rxd8 9. Bg5 Na6 10. Nxe5 Re8 11. f4 h6 12. Bxf6 Bxf6 13. Rd1 Rxe5 14. fxe5
Bxe5 15. Rd8+ Kg7 16. Bg4 Bxg4 17. Rxa8 Nb4 18. Rxa7 Nd3+ 19. Kd2 Nxb2 20. c5
Bf4+ 21. Kc2 1-0

[Event "5MCR_4D_1L_2S"]
[Site "?"]
[Date "2002.??.??"]
[Round "?"]
[White "Svrsek, Radomir"]
[Black "Staufcik, Robert"]
[Result "0-1"]
[WhiteElo "2165"]
[BlackElo "2285"]
[PlyCount "80"]
[EventDate "2002.??.??"]
[EventType "corr"]
[SourceDate "2004.??.??"]

1. e4 e5 2. Nf3 Nc6 3. Bb5 a6 4. Bxc6 dxc6 5. O-O f6 6. d4 exd4 7. Nxd4 c5 8.
Nb3 Qxd1 9. Rxd1 Bg4 10. f3 Be6 11. Bf4 c4 12. Nc1 Bc5+ 13. Kh1 Rd8 14. Rxd8+
Kxd8 15. Nc3 Ne7 16. N1e2 Kc8 17. Rd1 Ng6 18. Bc1 Rd8 19. Rxd8+ Kxd8 20. Ng3
Ke8 21. Nh5 Kf7 22. Nf4 Nxf4 23. Bxf4 c6 24. Ne2 b5 25. g4 b4 26. c3 b3 27.
axb3 cxb3 28. Nd4 a5 29. Bc1 a4 30. Kg2 Bd6 31. h3 g5 32. Ne2 Bc4 33. Kf2 Bxe2
34. Kxe2 Bf4 35. Kd1 Bxc1 36. Kxc1 Ke6 37. Kd2 Ke5 38. Kd3 Kf4 39. Kc4 c5 40.
Kd3 Kxf3 0-1

[Event "5MCR_4D_1L_2S"]
[Site "?"]
[Date "2002.??.??"]
[Round "?"]
[White "Trexler, Evzen"]
[Black "Dedina, Miroslav"]
[Result "1-0"]
[WhiteElo "2365"]
[BlackElo "2285"]
[PlyCount "75"]
[EventDate "2002.??.??"]
[EventType "corr"]
[SourceDate "2004.??.??"]

1. e4 e6 2. d4 d5 3. Nd2 Nf6 4. e5 Nfd7 5. f4 c5 6. c3 Nc6 7. Ngf3 cxd4 8. cxd4
Qb6 9. Nb3 a5 10. a4 Bb4+ 11. Kf2 O-O 12. Bd3 Rd8 13. Be3 Nf8 14. g4 Be7 15. h4
Bd7 16. h5 Rdc8 17. g5 Nb4 18. Bb1 Na6 19. g6 fxg6 20. hxg6 h6 21. Ng5 Be8 22.
Nf7 Bxf7 23. gxf7+ Kxf7 24. Qh5+ g6 25. Qd1 Kg7 26. f5 exf5 27. Bxh6+ Kf7 28.
Qf3 Qe6 29. Nc1 Nb4 30. Ne2 Ke8 31. Bxf8 Bxf8 32. Rh7 Ra6 33. Ra3 Rb6 34. Rb3
Rc4 35. Qh1 Kd8 36. Rh8 Qe8 37. Rbh3 Kc7 38. Rxf8 1-0

[Event "5MCR_4D_1L_2S"]
[Site "?"]
[Date "2002.??.??"]
[Round "?"]
[White "Trexler, Evzen"]
[Black "Jirk, Ales"]
[Result "1-0"]
[WhiteElo "2365"]
[BlackElo "2210"]
[PlyCount "59"]
[EventDate "2002.??.??"]
[EventType "corr"]
[SourceDate "2004.??.??"]

1. e4 e6 2. d4 d5 3. Nd2 Nf6 4. e5 Nfd7 5. f4 c5 6. c3 Nc6 7. Ngf3 Qb6 8. Nb3
a5 9. a4 Be7 10. Be2 O-O 11. h4 f6 12. h5 cxd4 13. cxd4 fxe5 14. fxe5 Bb4+ 15.
Kf1 Ndb8 16. Bd3 Bd7 17. Bb1 Be7 18. Kg1 Nb4 19. Rh3 N8c6 20. Rg3 Rf7 21. Bg5
Raf8 22. Kh2 Be8 23. Qd2 Kh8 24. Qe3 Qd8 25. Nc5 Qc8 26. Bxe7 Rxe7 27. Ng5 h6
28. Nh7 Rf1 29. Nf6 Bf7 30. Bg6 1-0

[Event "5MCR_4D_1L_2S"]
[Site "?"]
[Date "2002.??.??"]
[Round "?"]
[White "Trexler, Evzen"]
[Black "Ramik, Jiri"]
[Result "1-0"]
[WhiteElo "2365"]
[BlackElo "2340"]
[PlyCount "107"]
[EventDate "2002.??.??"]
[EventType "corr"]
[SourceDate "2004.??.??"]

1. e4 e6 2. d4 d5 3. Nd2 c5 4. Ngf3 a6 5. exd5 exd5 6. Be2 cxd4 7. O-O Bd6 8.
Re1 Ne7 9. Nb3 O-O 10. Nbxd4 Nbc6 11. Be3 Bg4 12. c3 Qc7 13. h3 Bh5 14. Qc2
Rfe8 15. Rad1 Bg6 16. Bd3 Rad8 17. Bxg6 Nxg6 18. Nf5 Bf4 19. Re2 h6 20. Rde1
Bxe3 21. Rxe3 Rxe3 22. Rxe3 Qd7 23. N5d4 Nxd4 24. Nxd4 Nh4 25. g3 Ng6 26. Qf5
Qd6 27. h4 Ne7 28. Qf3 Qd7 29. h5 Rc8 30. Qf4 Rd8 31. Kg2 Rc8 32. b3 Rc7 33.
Rf3 Nc8 34. Nf5 Ne7 35. Nh4 Nc6 36. Rd3 Ne7 37. g4 Rc6 38. Rf3 Qe8 39. Re3 Qd8
40. Nf3 Rd6 41. Nd4 Nc6 42. Nf5 Re6 43. Rg3 Re5 44. Rd3 Qf6 45. Qd2 Re4 46. f3
Re5 47. Ne3 Qe6 48. Kf2 b5 49. Nxd5 Qd6 50. Ne3 Qc5 51. Kg2 Kh7 52. Nf5 Ne7 53.
Ng3 Nd5 54. Rd4 1-0